000 00331nam a2200133Ia 4500
008 240624s9999 xx 000 0 und d
041 _aeng
082 _a332.1068 COL
100 _aCOLEMAN THOMAS S
245 _aQUANTITATIVE RISK MANAGEMENT A PRACTICAL
260 _c2012
_aNew York
_bWiley
300 _a558 : p.
365 _c
_b28
999 _c21204
_d21204